Alicia en el país de las maravillas

Guardado en:
Detalles Bibliográficos
Autor principal: Carroll, Lewis (Autor)
Formato: Libro
Lenguaje:español
Publicado: Santiago Andrés Bello 1988
Materias:
Etiquetas: Agregar Etiqueta
Sin Etiquetas, Sea el primero en etiquetar este registro!

MARC

LEADER 00000nam a2200000 a 4500
001 UCW4188
003 CL-VaPUC
008 891020e19880000CL |||||||||||||||||spa|d
082 0 4 |a 823  |b CAR  |2 21 
100 0 |a Carroll, Lewis  |e author  |9 266788 
245 1 0 |a Alicia en el país de las maravillas 
300 |a 136 p 
942 |c BK 
945 |d 19891020 00:00:00 
260 |a Santiago  |b Andrés Bello  |c 1988 
650 0 |a Novelas inglesas  |9 265220 
583 |a last modification  |c 19891020 00:00:00  |k Rodrigo Vera 
999 |c 217975  |d 217973 
952 |0 0  |1 0  |4 0  |6 823_000000000000000_CAR_1988  |7 0  |8 A  |9 206695  |a BIBEDU  |b BIBEDU  |d 2019-11-15  |i 2745267  |l 3  |o 823 CAR 1988  |p 2745267  |r 2022-10-11  |s 2022-10-03  |w 2019-11-15  |y BK  |k EDU 
952 |0 0  |1 0  |4 0  |6 823_000000000000000_CAR_1988  |7 0  |8 A  |9 206696  |a BIBEDU  |b BIBEDU  |d 2019-11-15  |i 2745275  |l 4  |o 823 CAR 1988  |p 2745275  |r 2022-11-21  |s 2022-09-08  |w 2019-11-15  |y BK  |k EDU